Statistics for Highest point by body of water

Click here to take the quiz!

General Stats

  • This quiz has been taken 14 times
  • The average score is 11 of 21

Answer Stats

Body of waterHintAnswer% Correct
CountryDenmark
92%
CountryDominican Republic
92%
IslandHispaniola
92%
CountryItaly
92%
IslandGreenland
83%
IslandSicily
83%
Mediterranean SeaHighest point (3329 m)Mount Etna
75%
CountryFrance
67%
CountryIndonesia
67%
CountryNew Zealand
67%
CountrySpain
67%
IslandNew Guinea
58%
IslandRéunion
58%
IslandTenerife
58%
Pacific OceanHighest point (4884 m)Puncak Jaya
25%
Atlantic OceanHighest point (3718 m)Teide
25%
Caribbean SeaHighest point (3098 m)Pico Duarte
17%
Arctic OceanHighest point (3694 m)Gunnbjørn Fjeld
8%
Southern OceanHighest point (3794 m)Mount Erebus
8%
IslandRoss Island
8%
Indian OceanHighest point (3070 m)Piton des Neiges
0%

Score Distribution

Percentile by Number Answered

Percent of People with Each Score

Your Score History

You have not taken this quiz